00677pam a2200229 a 4500001000800000005001700008008004100025010001700066020001500083040001800098041000800116080001500124082001900139100000700158101000800165245004500173504004100218906004500259942001200304999001700316952011400333243843320180209071201.0881028s1989 enka b 001 0 eng  a 88031571  a0521355621 aDLCcDLCdDLC aeng a330.1 RAN00a330.1 RAN2191 a52 aECO10aEconomics and power :cRandall Bartlett. aIncludes bibliographical references. a7bcbccorignewd1eocipf19gy-gencatlg 2ddccBK c42251d42251 00102udc40708PËKGa002b002cPËKGd2018-02-09l0o330.1 RANp002-2999122r2018-02-09w2018-02-09yBK